Ενεργειακή και οικονομική αξιολόγηση εγκατάστασης φωτοβολταϊκών συστημάτων μεγάλης κλίμακας σε δημόσια κτίρια: περίπτωση μελέτης των κτιρίων του Πανεπιστημίου Αιγαίου στο λόφο Ξενία της Μυτιλήνης : πτυχιακή εργασία
Saved in:
| Main Author: | |
|---|---|
| Corporate Author: | |
| Other Authors: | |
| Format: | Thesis Book |
| Language: | Greek |
| Published: |
2014
|
| Subjects: | |
| Online Access: | http://hdl.handle.net/11610/10510 |
| Tags: |
Add Tag
No Tags, Be the first to tag this record!
|
MARC
| LEADER | 00000cam a2200000 i 4500 | ||
|---|---|---|---|
| 001 | 1/64285 | ||
| 008 | 150120s2014 gre d | ||
| 035 | |l 10120558 | ||
| 040 | |a GR-MY-UA |b gre |e aacr | ||
| 041 | 0 | |a gre | |
| 082 | 0 | |a 621.31244 |2 (22) | |
| 100 | 1 | |a Πανέρας, Ιωάννης. | |
| 245 | 1 | 0 | |a Ενεργειακή και οικονομική αξιολόγηση εγκατάστασης φωτοβολταϊκών συστημάτων μεγάλης κλίμακας σε δημόσια κτίρια: περίπτωση μελέτης των κτιρίων του Πανεπιστημίου Αιγαίου στο λόφο Ξενία της Μυτιλήνης : |b πτυχιακή εργασία / |c Πανέρας Ιωάννης ; επιβλέπων καθηγητής: Χαραλαμπόπουλος Δίας |
| 260 | |c 2014 | ||
| 300 | |a 97 σ.; |b εικ., πίν.; |c 30 εκ. | ||
| 502 | |a Πτυχιακή εργασία – Πανεπιστήμιο Αιγαίου, Λέσβος, 2014. | ||
| 504 | |a Βιβλιογραφία: σ. 92-97 | ||
| 610 | 2 | 0 | |a Πανεπιστήμιο Αιγαίου. |
| 650 | 0 | 0 | |a Photovoltaic power systems. |
| 650 | 0 | |a Buildings |x Energy consumption |z Greece |z Mytilene (Lesbos) | |
| 650 | 0 | 0 | |a Solar energy. |
| 650 | 0 | 0 | |a Solar buildings |x Design and construction. |
| 650 | 0 | 0 | |a Dissertations, Academic |z Greece. |
| 700 | 1 | |a Χαραλαμπόπουλος, Δίας. |4 ths | |
| 710 | 2 | |a Πανεπιστήμιο Αιγαίου. |b Σχολή Περιβάλλοντος. |b Τμήμα Περιβάλλοντος. | |
| 852 | |a INST |b LESVOS |c DIATR |e 20150120 |h 1645 |p 005100056271 |q 005100056271 |t DIE |y 23 | ||
| 852 | |a INST |b LESVOS |c DIATR |e 20150120 |h 1646 |p 005100056270 |q 005100056270 |t DIE |y 23 | ||
| 856 | |u http://hdl.handle.net/11610/10510 | ||
| 901 | |a BIBL1-2015-1 | ||
| 909 | |a Λ |b 191504 | ||
| 909 | |a Λ |b 191505 | ||
| 924 | |a ΠΑΝΕΡΑΣ |b ΙΩΑΝΝΗΣ |y ΛΕΣΒΟΣ |z 2015-01 | ||
| 970 | |a ΤΖΑΦΕΡΗ |b ΕΥΑΓΓΕΛΙΑ |z 2015/01/20 | ||